| 000 | 00662cam a2200193 4500 | ||
|---|---|---|---|
| 001 | WB3623-21 | ||
| 008 | 000000n2000 000 0 eng u | ||
| 035 | _a(Sirsi) u106437 | ||
| 245 | _aDemand for housing must be satisfied | ||
| 260 | _c2000 | ||
| 490 |
_aIrish Times _v 10 June 2000, 11(1) |
||
| 520 | _aIn Ireland with the Bacon Report on the housing market about to be published gives an analysis of the market at present. Argues that supply-side reforms are needed. | ||
| 590 | _aWB | ||
| 650 | _aBACON REPORT | ||
| 650 | _aHOUSING SUPPLY | ||
| 650 | _aIRELAND | ||
| 690 | _aPROPERTY-RESIDENTIAL PROPERTY-RESIDENTIAL PROPERTY MARKET | ||
| 942 | _n0 | ||
| 999 |
_c63752 _d63752 |
||